000 01055nam0a22003131 4500
001 RU\NLR\A1SV\101223
005 20251203171251.9
035 _a(NLR Aleph) 009782576
090 _a10101799
_c10101799
100 _a20100215d1924 u y0rusy50 ca
101 0 _arus
102 _aRU
200 1 _aПаразиты человека, как уберечься и избавиться от них
_fС.В.Покровский
210 _aМ.
_aПг.
_cГос. изд.
_d1924
215 _a98 с.
_cил.
_d18 см
225 _aДля крестьян и рабочих
_eОхрана здоровья
_v№ 3
300 _aДата указана на корешке
300 _aНапеч. в Москве
620 _dМосква
620 _dСанкт-Петербург
700 1 _aПокровский
_bС.В.
_f1874-1945
_gСергей Викторович
801 0 _aRU
_bNLR
_c20100215
852 _aNLR
_j37.77.6.143-3
899 _aРГБ
899 _aКирОУНБ
942 _cBOOK
980 _aNB
980 _aA1SV